000 00717nam a2200229Ia 4500
003 OSt
005 20220923225736.0
006 a|||||r|||| 00| 0
007 ta
008 Pun
024 _a274,371
037 _cTextual
040 _aARTS
_cARTS
_bPun
041 _2Pun
_aPun
082 _aO153,6M83:g, K0;K8
100 _aਸਿੰਘ, ਗੁਰਦੇਵ
_9156291
245 0 _aਪ੍ਰਿੰਸੀਪਲ ਤੇਜਾ ਸਿੰਘ
_bਇਕ ਅਧਿਐਨ
260 _aਲੁਧਿਆਣਾ
_b ਲਾਹੌਰ ਬੁਕ Fਾਪ
_c1968
650 _aਪੰਜਾਬੀ ਸਾਹਿਤ
942 _hO153,6M83:g, K0;K8
_cTEXL
_2CC
999 _c380105
_d380105